|
|
|
|
| LEADER |
02446nam a2200361 a 4500 |
| 001 |
17095 |
| 003 |
BD-DhAAL |
| 008 |
090520s2006 enka b 001 0 eng d |
| 010 |
|
|
|a 2005006606
|
| 020 |
|
|
|a 1405111216
|
| 020 |
|
|
|a 9781405111218
|
| 040 |
|
|
|a BD-DhAAL
|c BD-DhAAL
|
| 082 |
0 |
0 |
|a 572.8633
|2 22
|
| 100 |
1 |
|
|a Brown, T. A.
|q (Terence A.)
|9 26499
|
| 245 |
1 |
0 |
|a Gene cloning and DNA analysis :
|b an introduction /
|c T.A. Brown.
|
| 250 |
|
|
|a Fifth edition.
|
| 260 |
|
|
|a Oxford ;
|a Malden, MA :
|b Blackwell Pub.,
|c 2006.
|
| 300 |
|
|
|a xx, 386 pages :
|b illustrations ;
|c 25 cm
|
| 504 |
|
|
|a Includes bibliographical references and index.
|
| 505 |
0 |
|
|a PART 1: THE BASIC PRINCIPLES OF GENE CLONING AND DNA ANALYSIS: Why gene cloning and DNA are important -- Vectors for gene cloning: plasmids and bacteriophages -- Purification of DNA from living cells -- Manipulation of purified DNA -- Introduction of DNA into living cells -- Cloning vectors for E. coli -- Cloning vectors for eukaryotes -- How to obtain a clone of a specific gene -- The polymerase chain reaction -- PART 2: THE APPLICATION OF GENE CLONING AND DNA ANALYSIS IN RESEARCH: Studying gene location and structure -- Studying gene expression and function -- Studying genomes -- PART 3: THE APPLICATION OF GENE CLONING AND DNA ANALYSIS IN BIOTECHNOLOGY: Production of protein from cloned genes -- Gene cloning and DNA analysis in medicine -- Gene cloning and DNA analysis in agriculture -- Gene cloning and DNA analysis in forensic science and archaeology -- Glossary.
|
| 526 |
|
|
|a MNS
|x Iftekhar Mohammad Shafiqul Kalam,
Faculty member of Mathematics and Natural Sciences (MNS).
|
| 541 |
1 |
|
|e 00017095
|a Essence Science Publications
|
| 650 |
|
0 |
|a Molecular cloning.
|9 26500
|
| 650 |
|
0 |
|a Nucleotide sequence.
|9 26501
|
| 650 |
|
0 |
|a DNA
|x Analysis.
|9 26502
|
| 650 |
1 |
2 |
|a Cloning, Molecular.
|9 26503
|
| 650 |
2 |
2 |
|a DNA, Recombinant
|x analysis.
|9 26504
|
| 650 |
2 |
2 |
|a Sequence Analysis, DNA.
|9 26505
|
| 650 |
2 |
2 |
|a Pharmacy.
|9 44016
|
| 852 |
4 |
|
|a Ayesha Abed Library
|c General Stacks
|
| 942 |
|
|
|2 ddc
|c BK
|
| 999 |
|
|
|c 999
|d 999
|
| 952 |
|
|
|0 0
|1 1
|2 ddc
|4 0
|6 572_863300000000000_BRO
|7 0
|9 907
|a BRACUL
|b BRACUL
|c GEN
|d 2008-04-07
|e Essence Science Publications
|g 3750.00
|l 0
|o 572.8633 BRO
|p 3010017095
|r 2009-06-23
|t 1
|w 2009-06-23
|y BK
|x Lost 5th ed. (01 copy) and this is replaced by 7th ed. (01 copy) ; Requisitioned by Iftekhar Mohammad Shafiqul Kalam, Faculty member of Mathematics and Natural Sciences (MNS).
|